The Light We Carry: (Record no. 9339)

MARC details
000 -LEADER
fixed length control field 00390nam a22001457a 4500
008 - FIXED-LENGTH DATA ELEMENTS--GENERAL INFORMATION
fixed length control field 230227b |||||||| |||| 00| 0 eng d
020 ## - INTERNATIONAL STANDARD BOOK NUMBER
International Standard Book Number 978-0-241-62124-0
082 ## - DEWEY DECIMAL CLASSIFICATION NUMBER
Classification number 973.93
100 ## - MAIN ENTRY--PERSONAL NAME
Personal name Michelle Obama
245 ## - TITLE STATEMENT
Title The Light We Carry:
Remainder of title Overcoming in Uncertain Times
260 ## - PUBLICATION, DISTRIBUTION, ETC.
Name of publisher, distributor, etc. Viking,
Date of publication, distribution, etc. 2022
300 ## - PHYSICAL DESCRIPTION
Extent 318 p.
Dimensions 24.2 cm
942 ## - Added entry Elements (Koha)
Source of classification or shelving scheme Dewey Decimal Classification
Holdings
Withdrawn status Lost status Source of classification or shelving scheme Damaged status Not for loan Collection code Home library Current library Shelving location Date acquired Serial Enumeration / chronology Total Checkouts Total Renewals Full call number Barcode Date last seen Date last checked out Price effective from Koha item type
    Dewey Decimal Classification     Popular Collection RTC Library RTC Library Popular Collection 27/02/2023 177069 2 6 973.93 OBA 30018071 19/08/2024 16/08/2024 27/02/2023 Main
Royal Thimphu College || All Right Reserved